[Event "Palle Skov Memorial - GM 2025"]
[Site "Hillerod"]
[Date "2025.02.08"]
[Round "1.1"]
[White "Karacsonyi, Gellert"]
[Black "Hector, Jonny"]
[Result "1-0"]
[WhiteElo "2368"]
[BlackElo "2445"]
[WhiteFideId "764620"]
[BlackFideId "1700090"]
[EventDate "2025.02.08"]
[EventType "tourn"]
[EventRounds "9"]
[EventCountry "DEN"]
[SourceTitle "Live v. Kasper Jerwiarz"]

1. e4 e5 2. Nf3 Nc6 3. Bb5 f5 4. d3 fxe4 5. dxe4 Nf6 6. O-O d6 7. Bc4 Bg4 8. h3 Bh5 9. Nc3 Qd7 10. Nd5 O-O-O 11. Bb5 a6 12. Bxc6 Qxc6 13. Bg5 h6 14. Nxf6 gxf6 15. Bxf6 Rg8 16. Bxd8 Qxe4 17. Kh1 Kxd8 18. Qd3 Qxd3 19. cxd3 Bxf3 20. gxf3 Be7 21. f4 exf4 22. Rg1 Rf8 23. Rg7 Rf5 24. Rh7 Rh5 25. Re1 Bf6 26. Re6 Bxb2 27. Ree7 f3 28. Rd7+ Ke8 29. Rxc7 Rc5 30. Rxc5 dxc5 31. Rxb7 Bd4 32. Kg1 1-0

[Event "Palle Skov Memorial - GM 2025"]
[Site "Hillerod"]
[Date "2025.02.08"]
[Round "1.2"]
[White "Seo, Jung Min"]
[Black "Kistrup, Nicolai"]
[Result "1-0"]
[WhiteElo "2495"]
[BlackElo "2374"]
[WhiteFideId "1734687"]
[BlackFideId "1444816"]
[EventDate "2025.02.08"]
[EventType "tourn"]
[EventRounds "9"]
[EventCountry "DEN"]
[SourceTitle "Live v. Kasper Jerwiarz"]

1. e4 e5 2. Nf3 Nc6 3. Bb5 Nf6 4. d3 Bc5 5. Bxc6 dxc6 6. Qe2 Bd6 7. Nbd2 Be6 8. d4 Nd7 9. dxe5 Nxe5 10. Nxe5 Bxe5 11. O-O Qf6 12. Nc4 Bxc4 13. Qxc4 O-O-O 14. c3 Bf4 15. Qe2 Bxc1 16. Raxc1 Qf4 17. Rcd1 Rhe8 18. f3 f5 19. Rxd8+ Rxd8 20. exf5 Qxf5 21. Re1 b6 22. a3 Kb7 23. Kf1 Rd6 24. Qe5 Qd3+ 25. Kf2 g6 26. Re2 h5 27. h4 Qb1 28. Kg3 Qd3 29. Kh2 Qc4 30. Qe4 Qf7 31. Qe3 Qc4 32. Kg3 a5 33. Rd2 Re6 34. Qf4 Qxf4+ 35. Kxf4 c5 36. Kg5 Kc6 37. g4 hxg4 38. fxg4 Kb5 39. h5 gxh5 40. gxh5 Re1 41. Rh2 Kc4 42. h6 Re8 43. h7 Kb3 44. Kf6 b5 45. Kf7 Rd8 46. Ke7 Rh8 47. Kd7 b4 48. cxb4 cxb4 49. axb4 axb4 50. Kc6 Ka2 51. Kb5 Kb3 52. Kc5 c6 53. Rh3+ Kxb2 54. Kxb4 Kc2 55. Kc5 Kd2 56. Kxc6 Ke2 57. Kd6 Kf2 58. Ke6 Kg2 59. Rh6 Kg3 60. Kf7 1-0

[Event "Palle Skov Memorial - GM 2025"]
[Site "Hillerod"]
[Date "2025.02.08"]
[Round "1.3"]
[White "Olsen, Filip Boe"]
[Black "Gumularz, Szymon"]
[Result "0-1"]
[WhiteElo "2472"]
[BlackElo "2592"]
[WhiteFideId "1440640"]
[BlackFideId "1188062"]
[EventDate "2025.02.08"]
[EventType "tourn"]
[EventRounds "9"]
[EventCountry "DEN"]
[SourceTitle "Live v. Kasper Jerwiarz"]

1. c4 b6 2. d4 Bb7 3. Nc3 e6 4. a3 Nf6 5. d5 g6 6. g3 Bg7 7. Bg2 O-O 8. e4 Re8 9. Nge2 exd5 10. exd5 c5 11. O-O d6 12. h3 Na6 13. f4 Nc7 14. f5 Ba6 15. b3 Nd7 16. Rb1 b5 17. Ne4 Rxe4 18. Bxe4 bxc4 19. b4 Qe7 20. Bg2 c3 21. Nf4 Bxf1 22. Kxf1 Re8 23. Ne2 Nb5 24. bxc5 c2 25. Qxc2 Nd4 26. Qe4 Qxe4 27. Bxe4 Nxe2 28. c6 Nxg3+ 29. Kg2 Nxe4 30. cxd7 Rd8 31. Be3 Nc5 32. Bxc5 dxc5 33. Rb7 Kf8 34. Rxa7 Ke7 35. Rc7 Kd6 0-1

[Event "Palle Skov Memorial - GM 2025"]
[Site "Hillerod"]
[Date "2025.02.08"]
[Round "1.4"]
[White "Kaasen, Tor Fredrik"]
[Black "Haubro, Martin"]
[Result "1-0"]
[WhiteElo "2472"]
[BlackElo "2381"]
[WhiteFideId "1516647"]
[BlackFideId "1414291"]
[EventDate "2025.02.08"]
[EventType "tourn"]
[EventRounds "9"]
[EventCountry "DEN"]
[SourceTitle "Live v. Kasper Jerwiarz"]

1. c4 Nf6 2. Nc3 e5 3. e3 Nc6 4. a3 Be7 5. Nf3 O-O 6. b4 d6 7. Qc2 Re8 8. Bb2 Bf8 9. d3 a6 10. Be2 d5 11. cxd5 Nxd5 12. O-O Nxc3 13. Bxc3 Bf5 14. Rfd1 Qd7 15. Qb2 f6 16. a4 Bd6 17. b5 axb5 18. axb5 Ne7 19. d4 Rxa1 20. Qxa1 Ng6 21. dxe5 fxe5 22. Ng5 h6 23. Bc4+ Kh8 24. Nf7+ Kh7 25. Bb4 Bc2 26. Nxd6 Bxd1 27. Nxe8 Qg4 28. Bd5 Be2 29. Qe1 Nh4 30. h3 1-0

[Event "Palle Skov Memorial - GM 2025"]
[Site "Hillerod"]
[Date "2025.02.08"]
[Round "1.5"]
[White "Sriram, Jha"]
[Black "Song, Yuxin"]
[Result "1-0"]
[WhiteElo "2322"]
[BlackElo "2381"]
[WhiteFideId "5001668"]
[BlackFideId "8614300"]
[EventDate "2025.02.08"]
[EventType "tourn"]
[EventRounds "9"]
[EventCountry "DEN"]
[SourceTitle "Live v. Kasper Jerwiarz"]

1. d4 Nf6 2. c4 e6 3. Nc3 Bb4 4. f3 c5 5. d5 d6 6. e4 b5 7. Bd2 a6 8. a4 bxc4 9. Bxc4 Nbd7 10. dxe6 fxe6 11. Bxe6 Ne5 12. Bxc8 Qxc8 13. Bf4 c4 14. Bxe5 dxe5 15. Nh3 Qc5 16. Qe2 O-O-O 17. Nf2 Rd4 18. O-O Rhd8 19. Rfd1 Bxc3 20. bxc3 Rxd1+ 21. Rxd1 Rxd1+ 22. Qxd1 Qe3 23. Qa1 Nh5 24. g3 Qxf3 25. Qa3 Qf7 26. Qd6 Kb7 27. Qxe5 Nf6 28. Qd6 Qc7 29. Qd4 Nd7 30. Qxg7 Nc5 31. Qd4 Nxa4 32. e5 Nc5 33. Ne4 Nxe4 34. Qxe4+ Kb6 35. e6 Qc5+ 36. Kg2 Qc6 37. Kf3 Kc7 38. e7 Qxe4+ 39. Kxe4 Kd7 40. Kd5 Kxe7 41. Kxc4 Kd6 42. g4 Ke5 43. Kb4 Kd5 44. g5 a5+ 45. Kxa5 Kc4 46. h4 Kxc3 47. h5 Kd4 48. g6 hxg6 49. hxg6 Kd5 1-0

[Event "Palle Skov Memorial - GM 2025"]
[Site "Hillerod"]
[Date "2025.02.09"]
[Round "2.1"]
[White "Karacsonyi, Gellert"]
[Black "Seo, Jung Min"]
[Result "1/2-1/2"]
[WhiteElo "2368"]
[BlackElo "2495"]
[WhiteFideId "764620"]
[BlackFideId "1734687"]
[EventDate "2025.02.08"]
[EventType "tourn"]
[EventRounds "9"]
[EventCountry "DEN"]
[SourceTitle "Live v. Kasper Jerwiarz"]

1. e4 e6 2. d4 d5 3. Nc3 Nf6 4. Bg5 dxe4 5. Nxe4 Nbd7 6. Nf3 Be7 7. Nxf6+ Bxf6 8. Bxf6 Qxf6 9. Qd3 c5 10. O-O-O cxd4 11. Qxd4 Qxd4 12. Rxd4 Ke7 13. Bb5 a6 14. Bxd7 Bxd7 15. Ne5 Be8 16. Rhd1 Rc8 17. f4 f6 18. Nc4 Rc7 19. Nb6 Rc6 20. Nc4 Rc7 21. Nb6 Bc6 22. g3 Re8 23. Re1 Kf8 24. Nc4 Bd5 25. b3 Bxc4 26. Rxc4 Rxc4 27. bxc4 e5 28. fxe5 Rxe5 29. Rd1 Ke7 30. Rd3 f5 31. Rb3 b5 32. cxb5 axb5 33. Kd2 g5 34. Rb4 Rd5+ 35. Ke3 Kf6 36. c4 bxc4 37. Rxc4 Rd1 38. h4 g4 39. Rc6+ Ke5 40. Rc5+ Kf6 41. Rc6+ Ke5 42. Rc5+ Kf6 43. Rc6+ Ke5 44. Rc5+ 1/2-1/2

[Event "Palle Skov Memorial - GM 2025"]
[Site "Hillerod"]
[Date "2025.02.09"]
[Round "2.2"]
[White "Kistrup, Nicolai"]
[Black "Olsen, Filip Boe"]
[Result "0-1"]
[WhiteElo "2374"]
[BlackElo "2472"]
[WhiteFideId "1444816"]
[BlackFideId "1440640"]
[EventDate "2025.02.08"]
[EventType "tourn"]
[EventRounds "9"]
[EventCountry "DEN"]
[SourceTitle "Live v. Kasper Jerwiarz"]

1. e4 c5 2. c3 d5 3. exd5 Nf6 4. Bb5+ Nbd7 5. d4 Nxd5 6. Nf3 e6 7. O-O a6 8. Be2 Qc7 9. c4 Nf4 10. Nc3 Be7 11. d5 Nf6 12. Re1 O-O 13. Bf1 Rd8 14. g3 Ng6 15. a4 exd5 16. cxd5 Be6 17. dxe6 Rxd1 18. exf7+ Kxf7 19. Ng5+ Ke8 20. Nxd1 c4 21. Ne6 Qa5 22. Nc3 Ne5 23. Bg2 Kf7 24. Ng5+ Kf8 25. Bd2 Bb4 26. Bxb7 Re8 27. Re2 h6 28. Nh3 Nd3 29. Rxe8+ Kxe8 30. Nf4 Nxb2 31. Re1+ Kd7 32. Rc1 g5 33. Nfd5 Nxd5 34. Bxd5 Nd3 35. Rd1 Bxc3 36. Bxc4 Bxd2 37. Bxd3 Ke7 38. Bxa6 Qc3 39. Bb5 Qc2 40. Rf1 Ba5 41. Kg2 Kf6 42. Kg1 Bb6 43. Bd7 h5 44. Bh3 Qxa4 45. Bg2 Qb3 46. Ba8 h4 47. Kg2 Qc2 48. Kg1 Qc8 49. Bg2 Qf5 0-1

[Event "Palle Skov Memorial - GM 2025"]
[Site "Hillerod"]
[Date "2025.02.09"]
[Round "2.3"]
[White "Gumularz, Szymon"]
[Black "Kaasen, Tor Fredrik"]
[Result "1/2-1/2"]
[WhiteElo "2592"]
[BlackElo "2472"]
[WhiteFideId "1188062"]
[BlackFideId "1516647"]
[EventDate "2025.02.08"]
[EventType "tourn"]
[EventRounds "9"]
[EventCountry "DEN"]
[SourceTitle "Live v. Kasper Jerwiarz"]

1. e4 e5 2. Nf3 Nc6 3. Bc4 Bc5 4. d3 Nf6 5. O-O d6 6. c3 h6 7. Re1 a5 8. d4 Ba7 9. Na3 O-O 10. Nb5 Bb6 11. h3 exd4 12. cxd4 d5 13. exd5 Nxd5 14. Nc3 Nce7 15. Bd3 c6 16. a3 Bf5 17. Nxd5 cxd5 18. Bf4 Rc8 19. Qb1 Bxd3 20. Qxd3 Ng6 21. Bg3 Bc7 22. Ne5 Ne7 23. Bh4 f6 24. Ng4 Qd7 25. Re2 Bf4 26. Qf3 Bg5 27. Bxg5 hxg5 28. Rae1 Nc6 29. Qd3 Qf7 30. Ne3 f5 31. Nf1 Qf6 32. Rd1 g6 33. Ne3 Rcd8 34. Nc2 Rfe8 35. Rxe8+ Rxe8 36. Qb5 Qf7 37. Ne3 Rd8 38. b4 axb4 39. axb4 Kg7 40. Qb6 Qd7 41. Rc1 Qe7 42. b5 Nb4 43. Re1 Qd7 44. Rc1 Rc8 45. Rxc8 Qxc8 46. Qd6 Qc1+ 47. Kh2 Qd2 48. Qe7+ Kh6 49. Qf6 Kh7 50. Qf7+ Kh6 51. Qf8+ Kh7 52. Qe7+ Kh6 53. h4 gxh4 54. Qxh4+ Kg7 55. Qe7+ Kh6 56. Qh4+ Kg7 57. Qf4 Qe1 58. Qe5+ Kf7 59. Qc7+ Kf6 60. Qd6+ Kg7 61. Qe7+ Kg8 62. Qf6 Kh7 63. Qf7+ Kh6 64. Qf6 Kh7 65. Qf7+ Kh6 66. b6 Qd2 67. Qf6 Kh7 68. Kg3 Nd3 69. Qe7+ Kh6 70. Qf8+ Kh7 71. Qe7+ Kh6 72. Qf8+ Kh7 73. Qe7+ 1/2-1/2

[Event "Palle Skov Memorial - GM 2025"]
[Site "Hillerod"]
[Date "2025.02.09"]
[Round "2.4"]
[White "Haubro, Martin"]
[Black "Sriram, Jha"]
[Result "1-0"]
[WhiteElo "2381"]
[BlackElo "2322"]
[WhiteFideId "1414291"]
[BlackFideId "5001668"]
[EventDate "2025.02.08"]
[EventType "tourn"]
[EventRounds "9"]
[EventCountry "DEN"]
[SourceTitle "Live v. Kasper Jerwiarz"]

1. e4 d6 2. d4 Nf6 3. Nc3 e5 4. Nf3 Nbd7 5. Bc4 Be7 6. O-O O-O 7. a4 c6 8. Re1 h6 9. h3 Re8 10. a5 Bf8 11. Be3 exd4 12. Bxd4 b5 13. axb6 Nxb6 14. Ba2 Be6 15. Qd3 d5 16. exd5 Nfxd5 17. Nxd5 Nxd5 18. c3 a5 19. Be5 g6 20. Nd4 Nb4 21. cxb4 Bxa2 22. Rxa2 Bxb4 23. Re3 Qd5 24. b3 Rxe5 25. Rxe5 Qxe5 26. Nxc6 Qe1+ 27. Kh2 Re8 28. Qd5 Qb1 29. Nxb4 axb4 30. Ra7 Rf8 31. Rb7 Qb2 32. f3 Qc3 33. Qc4 Qe5+ 34. f4 Qf6 35. Qxb4 g5 36. Rb8 Rd8 37. Rxd8+ Qxd8 38. fxg5 Qc7+ 39. Kg1 hxg5 40. Qc4 Qb6+ 41. Kf1 Qf6+ 42. Ke2 Qe5+ 43. Kf3 Qf5+ 44. Ke3 Qe5+ 45. Qe4 Qc3+ 46. Qd3 Qe5+ 47. Kf2 Kg7 48. Qe3 Qb2+ 49. Kg1 Qb1+ 50. Kh2 Kg6 51. Qb6+ f6 52. b4 Qe4 53. Qb8 f5 54. Qd6+ Kg7 55. b5 Qe3 56. Qg3 Qe7 57. b6 f4 58. Qc3+ Kg6 59. Qc2+ Kh6 60. Qc6+ Kh5 61. Qc7 Qe4 62. b7 Qd3 63. Qe7 1-0

[Event "Palle Skov Memorial - GM 2025"]
[Site "Hillerod"]
[Date "2025.02.09"]
[Round "2.5"]
[White "Hector, Jonny"]
[Black "Song, Yuxin"]
[Result "1-0"]
[WhiteElo "2445"]
[BlackElo "2381"]
[WhiteFideId "1700090"]
[BlackFideId "8614300"]
[EventDate "2025.02.08"]
[EventType "tourn"]
[EventRounds "9"]
[EventCountry "DEN"]
[SourceTitle "Live v. Kasper Jerwiarz"]

1. e4 c5 2. Nf3 d6 3. d4 cxd4 4. Nxd4 Nf6 5. Nc3 a6 6. Bg5 e6 7. f4 Qb6 8. Qd2 Qxb2 9. Rb1 Qa3 10. Be2 Nbd7 11. O-O Be7 12. f5 e5 13. Ne6 fxe6 14. fxe6 Nf8 15. Bxf6 Bxf6 16. Rxf6 gxf6 17. Bh5+ Ng6 18. Qh6 Bxe6 19. Bxg6+ Kd8 20. Bf5 b5 21. Bxe6 Qxc3 22. Qg7 Qe3+ 23. Kh1 1-0

[Event "Palle Skov Memorial - GM 2025"]
[Site "Hillerod"]
[Date "2025.02.10"]
[Round "3.1"]
[White "Olsen, Filip Boe"]
[Black "Karacsonyi, Gellert"]
[Result "1-0"]
[WhiteElo "2472"]
[BlackElo "2368"]
[WhiteFideId "1440640"]
[BlackFideId "764620"]
[EventDate "2025.02.08"]
[EventType "tourn"]
[EventRounds "9"]
[EventCountry "DEN"]
[SourceTitle "Live v. Kasper Jerwiarz"]

1. c4 Nf6 2. Nf3 e6 3. Nc3 d5 4. e3 Bd6 5. b3 O-O 6. Bb2 Re8 7. Nb5 Be7 8. Be5 Na6 9. Be2 c6 10. Nc3 Nc5 11. Qc2 Ncd7 12. Bg3 dxc4 13. bxc4 a6 14. e4 Nh5 15. e5 Nf8 16. O-O Nxg3 17. hxg3 c5 18. Rab1 Qc7 19. Bd3 Bd7 20. Rb2 Rab8 21. Rfb1 Bc6 22. Be4 b6 23. Bxc6 Qxc6 24. Qa4 Rec8 25. Qxa6 Nd7 26. Qa4 Qxa4 27. Nxa4 Bd8 28. Nc3 Bc7 29. Re1 Ra8 30. g4 h6 31. Re3 Bb8 32. g3 Kf8 33. Kg2 Ke7 34. Rb1 Ra5 35. Rh1 Rg8 36. Rh5 Rd8 37. g5 hxg5 38. Rxg5 g6 39. Rg4 Rh8 40. Rge4 Rh5 41. Re1 Rh8 42. Ng5 Bxe5 43. Rxe5 Nxe5 44. Rxe5 Rd8 45. Nf3 f6 46. Re1 Kf7 47. Rh1 Kg7 48. Rb1 Ra6 49. g4 g5 50. Kf1 Kg6 51. Ke2 Rd7 52. d3 Rd8 53. a4 Rh8 54. Ne4 Rc8 55. Rb5 Rc6 56. Nexg5 Rxa4 57. Ne4 Ra6 58. g5 1-0

[Event "Palle Skov Memorial - GM 2025"]
[Site "Hillerod"]
[Date "2025.02.10"]
[Round "3.2"]
[White "Seo, Jung Min"]
[Black "Hector, Jonny"]
[Result "1-0"]
[WhiteElo "2495"]
[BlackElo "2445"]
[WhiteFideId "1734687"]
[BlackFideId "1700090"]
[EventDate "2025.02.08"]
[EventType "tourn"]
[EventRounds "9"]
[EventCountry "DEN"]
[SourceTitle "Live v. Kasper Jerwiarz"]

1. e4 e5 2. Nf3 Nc6 3. Bb5 f5 4. d3 fxe4 5. dxe4 Nf6 6. O-O d6 7. Bc4 Bg4 8. h3 Bh5 9. Nc3 Qd7 10. Nd5 O-O-O 11. Qd3 Kb8 12. a4 Bxf3 13. Qxf3 Nd4 14. Qd3 c6 15. Nxf6 gxf6 16. c3 d5 17. Ba2 dxe4 18. Qxe4 Qf5 19. Qxf5 Nxf5 20. Be6 Ne7 21. a5 Rd6 22. Bb3 Ng6 23. Be3 f5 24. Rad1 f4 25. Bc1 Be7 26. Bc2 Rhd8 27. Rde1 Bf6 28. g3 Rg8 29. Kh1 Bd8 30. b4 Bc7 31. Rg1 Rgd8 32. h4 Rf6 33. h5 Nf8 34. gxf4 exf4 35. Rg7 Bd6 36. Kg2 h6 37. Kh3 a6 38. Rd1 Ka8 39. c4 Re8 40. Bb2 Rfe6 41. Bf5 Re2 42. Rxd6 Rxb2 43. f3 Rf2 44. Rg8 Rxf3+ 45. Kh4 Ka7 46. Rxh6 Rf1 47. Rhh8 Rh1+ 48. Kg4 Rg1+ 49. Kf3 Rf1+ 50. Kg2 Ree1 51. Rxf8 1-0

[Event "Palle Skov Memorial - GM 2025"]
[Site "Hillerod"]
[Date "2025.02.10"]
[Round "3.3"]
[White "Kaasen, Tor Fredrik"]
[Black "Kistrup, Nicolai"]
[Result "1/2-1/2"]
[WhiteElo "2472"]
[BlackElo "2374"]
[WhiteFideId "1516647"]
[BlackFideId "1444816"]
[EventDate "2025.02.08"]
[EventType "tourn"]
[EventRounds "9"]
[EventCountry "DEN"]
[SourceTitle "Live v. Kasper Jerwiarz"]

1. d4 d5 2. c4 c6 3. Nf3 Nf6 4. e3 Bf5 5. Nc3 e6 6. Nh4 Bg6 7. Qb3 Qc7 8. Nxg6 hxg6 9. Bd2 Nbd7 10. cxd5 exd5 11. O-O-O a5 12. Qc2 Rxh2 13. Rxh2 Qxh2 14. a3 Be7 15. f3 Kf8 16. e4 Kg8 17. exd5 Nxd5 18. Qb3 Nxc3 19. Bxc3 b5 20. a4 Nb6 21. axb5 a4 22. Qc2 a3 23. Kb1 cxb5 24. Bxb5 Nd5 25. Bc4 Qd6 26. Bxd5 Qxd5 27. Qe4 Qd8 28. b3 Rc8 29. Rd3 Qb6 30. Ka2 Bb4 31. Qe3 Qa5 32. Bxb4 Qxb4 33. Qd2 Qd6 34. d5 Rc5 35. Rd4 Qc7 36. Rc4 Rxc4 37. bxc4 Qxc4+ 38. Kxa3 Qc5+ 39. Kb2 Qb5+ 40. Ka3 Qc5+ 41. Ka4 Qc4+ 42. Ka3 1/2-1/2

[Event "Palle Skov Memorial - GM 2025"]
[Site "Hillerod"]
[Date "2025.02.10"]
[Round "3.4"]
[White "Sriram, Jha"]
[Black "Gumularz, Szymon"]
[Result "1/2-1/2"]
[WhiteElo "2322"]
[BlackElo "2592"]
[WhiteFideId "5001668"]
[BlackFideId "1188062"]
[EventDate "2025.02.08"]
[EventType "tourn"]
[EventRounds "9"]
[EventCountry "DEN"]
[SourceTitle "Live v. Kasper Jerwiarz"]

1. d4 Nf6 2. c4 e6 3. Nc3 Bb4 4. f3 c5 5. d5 d6 6. e4 b5 7. Bd2 a6 8. a4 exd5 9. cxd5 bxa4 10. Nge2 Nbd7 11. Ng3 h5 12. Be2 h4 13. Nf5 Nb6 14. Ne3 Bd7 15. O-O c4 16. Nc2 Bc5+ 17. Be3 Qc7 18. Qd2 Rb8 19. Nd4 Ng8 20. Bd1 Ne7 21. Nxa4 Nxa4 22. Bxa4 h3 23. g3 Rb6 24. Rfc1 Bxa4 25. Rxa4 Qb7 26. Rc2 O-O 27. Raxc4 Rb8 28. Nc6 Nxc6 29. dxc6 Rxc6 30. Bxc5 Rxc5 31. Rxc5 dxc5 32. Rxc5 Qxb2 33. Qxb2 Rxb2 34. Ra5 Rg2+ 35. Kh1 Rf2 36. Kg1 Rxf3 37. Rxa6 Kh7 38. Ra2 Kg6 39. Rf2 Re3 40. Rf4 Re1+ 41. Kf2 Rh1 42. Rg4+ Kf6 43. e5+ Kxe5 44. Rxg7 Rxh2+ 45. Kf3 Rh1 46. Rh7 f6 47. Rh5+ Kd4 48. Kg4 Ke4 49. Rf5 h2 50. Rf4+ Ke5 51. Kh3 f5 1/2-1/2

[Event "Palle Skov Memorial - GM 2025"]
[Site "Hillerod"]
[Date "2025.02.10"]
[Round "3.5"]
[White "Song, Yuxin"]
[Black "Haubro, Martin"]
[Result "0-1"]
[WhiteElo "2381"]
[BlackElo "2381"]
[WhiteFideId "8614300"]
[BlackFideId "1414291"]
[EventDate "2025.02.08"]
[EventType "tourn"]
[EventRounds "9"]
[EventCountry "DEN"]
[SourceTitle "Live v. Kasper Jerwiarz"]

1. e4 e5 2. Nf3 Nc6 3. Bc4 Bc5 4. c3 Nf6 5. d3 d6 6. O-O O-O 7. Re1 a6 8. b4 Ba7 9. a4 h6 10. Qb3 Ne7 11. Ba3 c6 12. b5 d5 13. exd5 cxd5 14. Bxe7 Qxe7 15. Bxd5 Qc5 16. b6 Bxb6 17. d4 exd4 18. cxd4 Qd6 19. Nc3 Nxd5 20. Nxd5 Bd8 21. Ne3 Rb8 22. Nc4 Qf6 23. d5 Bc7 24. a5 Bd7 25. d6 Bd8 26. Nfe5 Be6 27. Qb4 Rc8 28. Rac1 Qg5 29. Qxb7 Bf6 30. Nf3 Qf5 31. Qxa6 Qd3 32. Nfd2 Bg5 33. d7 Ra8 34. Qb6 Bxd2 35. Nxd2 Qxd2 36. Red1 Qg5 37. f4 Qxf4 38. d8=Q Raxd8 39. Qxd8 Rxd8 40. Rxd8+ Kh7 41. Ra1 Qe3+ 42. Kh1 Qc3 43. Rdd1 Bd5 44. Rg1 h5 45. a6 h4 46. a7 Ba8 0-1

[Event "Palle Skov Memorial - GM 2025"]
[Site "Hillerod"]
[Date "2025.02.10"]
[Round "4.1"]
[White "Karacsonyi, Gellert"]
[Black "Kaasen, Tor Fredrik"]
[Result "1/2-1/2"]
[WhiteElo "2368"]
[BlackElo "2472"]
[WhiteFideId "764620"]
[BlackFideId "1516647"]
[EventDate "2025.02.08"]
[EventType "tourn"]
[EventRounds "9"]
[EventCountry "DEN"]
[SourceTitle "Live v. Kasper Jerwiarz"]

1. e4 c6 2. d4 d5 3. exd5 cxd5 4. c4 Nf6 5. Nc3 e6 6. Nf3 Bb4 7. cxd5 Nxd5 8. Bd2 O-O 9. Bd3 Nc6 10. O-O Nf6 11. Ne4 Bxd2 12. Qxd2 Bd7 13. Rad1 Rc8 14. Rfe1 Qe7 15. Nfg5 g6 16. Qf4 Nd5 17. Qh4 f6 18. Nf3 Rcd8 19. Nc3 Ncb4 20. Bc4 Qf7 21. Ne4 Bc8 22. a3 Nc6 23. Qg3 Qe7 24. h4 Kh8 25. Ba2 Qc7 26. Qxc7 Nxc7 27. Nc3 Rd6 28. d5 exd5 29. Nxd5 Rfd8 30. Ne3 Rxd1 31. Rxd1 Rxd1+ 32. Nxd1 Bg4 33. Ne3 Bxf3 34. gxf3 Ne5 35. Kg2 Nd3 36. b4 Ne1+ 37. Kg3 Nb5 38. Bd5 b6 39. a4 Nc3 40. a5 Nd3 41. axb6 axb6 42. b5 f5 43. f4 Ne2+ 44. Kf3 Nd4+ 45. Kg3 Nc5 46. Nc4 Nxb5 47. Nxb6 Nd4 48. Bf3 Kg7 49. Nd5 Ncb3 50. Bd1 Nd2 51. Nc3 Kh6 52. Kg2 Ne6 53. Kg3 Ng7 54. Nd5 Ne4+ 55. Kg2 Ne6 56. Bf3 Nd2 57. Bd1 Kg7 58. h5 Ne4 59. hxg6 hxg6 60. Bc2 Nf6 61. Nxf6 Kxf6 62. Kg3 Nd4 63. Ba4 Kg7 64. Bd1 Kh6 65. Kg2 Nb5 66. Kg3 Nc3 67. Bf3 Nb1 68. Bd1 Nd2 69. Bc2 Kg7 70. Ba4 Ne4+ 71. Kg2 Kf6 72. Be8 g5 73. fxg5+ Kxg5 74. Bd7 Kf6 75. Bxf5 Nxf2 76. Kxf2 Kxf5 1/2-1/2

[Event "Palle Skov Memorial - GM 2025"]
[Site "Hillerod"]
[Date "2025.02.10"]
[Round "4.2"]
[White "Seo, Jung Min"]
[Black "Olsen, Filip Boe"]
[Result "1/2-1/2"]
[WhiteElo "2495"]
[BlackElo "2472"]
[WhiteFideId "1734687"]
[BlackFideId "1440640"]
[EventDate "2025.02.08"]
[EventType "tourn"]
[EventRounds "9"]
[EventCountry "DEN"]
[SourceTitle "Live v. Kasper Jerwiarz"]

1. d4 d5 2. c4 e6 3. Nc3 c5 4. cxd5 exd5 5. Nf3 Nf6 6. g3 Nc6 7. Bg2 cxd4 8. Nxd4 Bc5 9. Nb3 Bb6 10. O-O d4 11. Na4 O-O 12. Bg5 Re8 13. Nxb6 axb6 14. Re1 h6 15. Bxf6 Qxf6 16. Bxc6 bxc6 17. Qxd4 Qd8 18. Qxd8 Rxd8 19. Rad1 Rxd1 20. Rxd1 Be6 21. Nc1 Bxa2 22. Nxa2 Rxa2 23. Rd8+ Kh7 24. Rd6 Rxb2 25. Rxc6 Rxe2 26. Rxb6 g6 27. Rb1 Kg7 28. Kf1 Ra2 29. Kg1 Re2 30. Kf1 Ra2 31. Kg1 Re2 32. Kf1 1/2-1/2

[Event "Palle Skov Memorial - GM 2025"]
[Site "Hillerod"]
[Date "2025.02.10"]
[Round "4.3"]
[White "Kistrup, Nicolai"]
[Black "Sriram, Jha"]
[Result "0-1"]
[WhiteElo "2374"]
[BlackElo "2322"]
[WhiteFideId "1444816"]
[BlackFideId "5001668"]
[EventDate "2025.02.08"]
[EventType "tourn"]
[EventRounds "9"]
[EventCountry "DEN"]
[SourceTitle "Live v. Kasper Jerwiarz"]

1. e4 d6 2. d4 Nf6 3. Nc3 e5 4. Nf3 Nbd7 5. Rg1 c6 6. g4 h6 7. a4 Be7 8. Qe2 Qc7 9. h4 Nf8 10. g5 hxg5 11. hxg5 Nh5 12. Be3 Ng6 13. O-O-O Nhf4 14. Qd2 a6 15. Kb1 Be6 16. d5 cxd5 17. Nxd5 Nxd5 18. exd5 Bf5 19. Bd3 Bxd3 20. Qxd3 Qd7 21. Qe4 b5 22. a5 Rc8 23. b3 Bd8 24. Bd2 Ne7 25. Nh4 Nxd5 26. Nf5 g6 27. Ng7+ Kf8 28. Qxd5 Kxg7 29. Bb4 Qf5 30. Qd3 Qf4 31. Bxd6 Bxg5 32. Rde1 Bf6 33. Re4 Qf5 34. Rge1 Rcd8 35. Qd5 Qxf2 36. Rxe5 Rh5 37. R1e2 Qxe2 0-1

[Event "Palle Skov Memorial - GM 2025"]
[Site "Hillerod"]
[Date "2025.02.10"]
[Round "4.4"]
[White "Gumularz, Szymon"]
[Black "Song, Yuxin"]
[Result "1/2-1/2"]
[WhiteElo "2592"]
[BlackElo "2381"]
[WhiteFideId "1188062"]
[BlackFideId "8614300"]
[EventDate "2025.02.08"]
[EventType "tourn"]
[EventRounds "9"]
[EventCountry "DEN"]
[SourceTitle "Live v. Kasper Jerwiarz"]

1. c4 Nf6 2. Nc3 e5 3. Nf3 Nc6 4. Qc2 Nd4 5. Nxd4 exd4 6. Nb5 c5 7. e4 dxe3 8. dxe3 a6 9. Nc3 d5 10. cxd5 Nxd5 11. Nxd5 Qxd5 12. e4 Qc6 13. a4 Be6 14. Bc4 Bxc4 15. Qxc4 Be7 16. Be3 O-O 17. a5 Bf6 18. O-O Rfd8 19. Rad1 Bxb2 20. Rd5 Qb5 21. Rxc5 Qxc4 22. Rxc4 Rac8 23. Rxc8 Rxc8 24. Rd1 Kf8 25. Kf1 Ke7 26. Rb1 Rc2 27. Ke1 Bc3+ 28. Kd1 Rb2 29. Rxb2 Bxb2 30. Kc2 Be5 1/2-1/2